| 000 | 00544nam a22001697a 4500 | ||
|---|---|---|---|
| 003 | NUST | ||
| 038 | _aNusrat Nadeem | ||
| 082 | _a200 | ||
| 100 |
_aSajid, Sana _9125544 |
||
| 245 |
_aAnticipating The Stock Market Trend Using Natural Language Processing Techniques/ _cSana Sajid, |
||
| 264 |
_aIslmabad; _bSEECS NUST; _c2024. |
||
| 300 |
_a76,p; _bill; _c30,cm. |
||
| 650 |
_aMS- Computer Science _926780 |
||
| 700 |
_aSupervisor: Dr. Seemab Latif _996493 |
||
| 856 | _uhttp://10.250.8.41:8080/xmlui/handle/123456789/46161 | ||
| 942 |
_2ddc _cSC |
||
| 999 |
_c611287 _d611287 |
||